000 00337 a2200169 4500
001 186845
020 _a85-16-01012-0
040 _cMagnum
100 _aFurnari, Eva
240 1 0 _aTravadinhas
_lpor
245 1 0 _aTravadinhas
300 _a24
362 0 _a1994
440 1 _aModerna
697 _aLITERATURA INFANTO
942 _cBK
999 _c186845
_d186845